Young living.

Bibliographic Details
Main Author: Clayton, Nanalee
Format: Book
Language:English
Published: Peoria, Ill. : C. A. Bennett Co., [1970]
Edition:2d ed.
Subjects:

MARC

Tag First Indicator Second Indicator Subfields
LEADER 00000cam a2200000 4500
001 in00000046130
005 20151007065332.0
008 701002s1970 ilua 00100 eng
010 |a  75015244  
020 |a 0870020110 
035 |a (OCoLC)00109047 
035 |9 AAE1781AM 
040 |a DLC  |c DLC  |d TXA  |d UtOrBLW 
049 |a [Curr Col] TXAM  |c 1 [1403477], 2 [1403478], 3 [115279], 4 [1115280] 
050 0 0 |a TX147  |b .C63 1970 
082 0 |a 640 
100 1 |a Clayton, Nanalee. 
245 1 0 |a Young living. 
250 |a 2d ed. 
264 1 |a Peoria, Ill. :  |b C. A. Bennett Co.,  |c [1970] 
264 4 |c [©1970] 
300 |a 397 pages :  |b illustrations (part color) ;  |c 25 cm. 
336 |a text  |b txt  |2 rdacontent 
337 |a unmediated  |b n  |2 rdamedia 
338 |a volume  |b nc  |2 rdacarrier 
650 0 |a Home economics. 
650 0 |a Adolescence. 
999 |a MARS 
999 f f |s aff0c65f-ce71-3ed8-b60c-20a7a749533c  |i c1af3967-7406-3b39-b5ad-130ad3dd6b3a  |t 0 
952 f f |p ric  |a Texas A&M University  |b Rellis Campus  |c Joint Library Facility  |d Remote Storage  |t 0  |e TX147 .C63 1970  |h Library of Congress classification  |i unmediated -- volume  |m A14800263710 
998 f f |a TX147 .C63 1970  |t 0  |l Remote Storage